| 000 | 00660nam a2200205 b 4500 | ||
|---|---|---|---|
| 003 | OSt | ||
| 005 | 20171204162236.0 | ||
| 008 | 070222s2005 cr | ||| ||spa | ||
| 020 | _a9968-41-072-1 | ||
| 040 |
_aSpMaBN _cBMC |
||
| 082 | _a863.6 | ||
| 100 | 1 | 0 |
_99250 _aFernández Cuervo, Luis Miguel |
| 245 | 1 | 4 |
_aUna historia imposible _cLuis Miguel Fernández Cuervo ; prólogo de Jorge Mario Cabrera Valverde |
| 260 |
_aSan José (Costa Rica) _bPromesa _c2005 |
||
| 300 |
_a147 p. _c21 cm |
||
| 490 |
_aNovela _v1 |
||
| 500 | _aEjemp. con nº de inventario 1014054 tiene la cub. al revés | ||
| 700 | 1 |
_94429 _aCabrera Valverde, Jorge Mario |
|
| 942 |
_2ddc _cBK |
||
| 999 |
_c4056 _d4056 |
||